000
00312nam a22001337a 4500
008
181004b xxu||||| |||| 00| 0 eng d
020
_a
9780521359863
041
_a
eng
080
_a
941
100
_a
16
101
_a
HIS
245
_a
The Extraterrestrial Life Debate 1750-1900
_c
Crowe,M.J
942
_2
udc
_c
BK
999
_c
48862
_d
48862